Sales promotion file : vol.4 apparel, sporting goods & miscellaneous retailers..
| Format: | Book |
|---|---|
| Published: |
Tokyo:
A.G,
1993.
|
| Subjects: |
| LEADER | 00562cam a2200181 7i4500 | ||
|---|---|---|---|
| 001 | 0000004027 | ||
| 005 | 19991025090000.0 | ||
| 002 | ##000005472 | ||
| 020 | 0 | 0 | |a 4-87246-255-6 |
| 090 | 0 | 0 | |a B 658.82 |b SAL |
| 245 | 0 | 0 | |a Sales promotion file : |b vol.4 apparel, sporting goods & miscellaneous retailers.. |
| 260 | 0 | 0 | |a Tokyo: |b A.G, |c 1993. |
| 300 | 0 | 0 | |a 248 p.. |
| 650 | 0 | 0 | |a Advertising -- |x sporting goods |
| 650 | 0 | 0 | |a Apparel -- |x advertising |
| 650 | 0 | 0 | |a Sporting goods -- |x advertising |
| 651 | 0 | 0 | |a Japan |
| 999 | |a 0000006901 |b Book |c Open shelf |e Business Information Centre | ||


